UBT Library

What is property? (Record no. 42243)

000 -LEADER
fixed length control field 00649cam a22002051 4500
001 - CONTROL NUMBER
control field 2169590
005 - DATE AND TIME OF LATEST TRANSACTION
control field 20180209070048.0
008 - FIXED-LENGTH DATA ELEMENTS--GENERAL INFORMATION
fixed length control field 731212s1966 nyu 000 0 eng
010 ## - LIBRARY OF CONGRESS CONTROL NUMBER
LC control number 66024351
040 ## - CATALOGING SOURCE
Original cataloging agency DLC
Transcribing agency DLC
Modifying agency DLC
041 1# - LANGUAGE CODE
Language code of text/sound track or separate title engfre
080 ## - UNIVERSAL DECIMAL CLASSIFICATION NUMBER
Universal Decimal Classification number 335.2
082 00 - DEWEY DECIMAL CLASSIFICATION NUMBER
Classification number 335.2 PRO
100 1# - Rafti
Rafti 14
101 ## - Shkurtesa
Shkurtesa SHJ
240 10 - UNIFORM TITLE
Uniform title <a href="Qu'est-ce que la propriété?">Qu'est-ce que la propriété?</a>
Language of a work English
245 10 - TITLE STATEMENT
Title What is property?
Statement of responsibility, etc With a biographical essay by J. A. Langlois. Translated from the French by Benj. R. Tucker.
906 ## - LOCAL DATA ELEMENT F, LDF (RLIN)
a 7
b cbc
c orignew
d u
e ocip
f 19
g y-gencatlg
942 ## - ADDED ENTRY ELEMENTS (KOHA)
Source of classification or shelving scheme
Item type Books
Holdings
Withdrawn status Lost status Source of classification or shelving scheme Damaged status Not for loan Collection code Permanent location Current location Shelving location Date acquired Total Checkouts Full call number Barcode Date last seen Price effective from Koha item type
          Koleksioni i përgjithshem UBT - Lipjan UBT - Lipjan Koleksioni i përgjithshem 02/09/2018   335.2 PRO 002-2998726 02/09/2018 02/09/2018 Books
UBT Library © 2015-2024. All rights reserved University Education for Business and Technology